[Event "Barranquilla Carnaval Cup"]
[Site "Barranquilla"]
[Date "2024.02.07"]
[Round "9"]
[White "Sauda, Eduardo"]
[Black "Mora Montecino, Marlon"]
[Result "0-1"]
[WhiteElo "1270"]
[BlackElo "1600"]
[PlyCount "46"]
[EventDate "2024.02.03"]
[EventType "swiss"]
[EventRounds "9"]
[EventCountry "COL"]
[SourceTitle "CB07_2024"]
[SourceDate "2024.02.14"]
[SourceVersion "1"]
[SourceVersionDate "2024.02.14"]
[SourceQuality "1"]

1. e4 Nc6 2. Nf3 e5 3. Bb5 a6 4. Ba4 Nf6 5. d3 b5 6. Bb3 h6 7. 0-0 Bc5 8. Be3 Bxe3 9. fxe3 d6 10. h3 Na5 11. Nc3 Nxb3 12. cxb3 Bb7 13. Qc2 0-0 14. Rac1 Qe7 15. b4 Rac8 16. Rce1 c5 17. bxc5 Rxc5 18. b4 Rc7 19. Qb3 Rfc8 20. Nd5 Nxd5 21. exd5 e4 22. dxe4 Qxe4 23. Qd1 Qxb4 0-1

[Event "Barranquilla Carnaval Cup"]
[Site "Barranquilla"]
[Date "2024.02.03"]
[Round "2"]
[White "Duran Duran, Keneth"]
[Black "Sauda, Eduardo"]
[Result "0-1"]
[WhiteElo "1561"]
[BlackElo "1270"]
[PlyCount "52"]
[EventDate "2024.02.03"]
[EventType "swiss"]
[EventRounds "9"]
[EventCountry "COL"]
[SourceTitle "CB07_2024"]
[SourceDate "2024.02.14"]
[SourceVersion "1"]
[SourceVersionDate "2024.02.14"]
[SourceQuality "1"]

1. e4 d5 2. Nc3 d4 3. Nce2 e5 4. Nf3 Nc6 5. d3 Bg4 6. Ng3 Bc5 7. h3 Bxf3 8. Qxf3 Qf6 9. Be2 Bb4+ 10. Bd2 Bxd2+ 11. Kxd2 Qf4+ 12. Qxf4 exf4 13. Nf5 g6 14. Nh4 Nf6 15. c3 Rd8 16. Nf3 dxc3+ 17. bxc3 Nxe4+ 18. Kc2 Nc5 19. d4 Ne4 20. Rae1 0-0 21. Rhf1 Rfe8 22. Bb5 Nd6 23. Rxe8+ Rxe8 24. Re1 Rxe1 25. Bxc6 Re2+ 26. Kb1 bxc6 0-1

[Event "COL-ch School U11"]
[Site "Ibague"]
[Date "2014.11.22"]
[Round "4.4"]
[White "Sauda, Eduardo"]
[Black "Toro Castaneda, Miguel Angel"]
[Result "0-1"]
[WhiteElo "1293"]
[BlackElo "1491"]
[PlyCount "69"]
[EventDate "2014.11.20"]
[EventType "swiss"]
[EventRounds "6"]
[EventCountry "COL"]
[SourceTitle "EXT 2024"]
[Source "ChessBase"]
[SourceDate "2023.10.10"]
[SourceVersion "1"]
[SourceVersionDate "2023.10.10"]
[SourceQuality "1"]

1. e4 c5 2. Nf3 d6 3. c3 Nf6 4. h3 g6 5. Be2 Bg7 6. 0-0 0-0 7. Bd3 Nc6 8. Bc2 e6 9. d3 d5 10. exd5 exd5 11. Be3 b6 12. d4 cxd4 13. Nxd4 Nxd4 14. Bxd4 Bb7 15. Nd2 Re8 16. Re1 Qd7 17. Nf3 Rxe1+ 18. Nxe1 Re8 19. Nf3 Re6 20. Ba4 Qe7 21. Ng5 Re2 22. Bb5 Rxb2 23. Bd3 Qa3 24. c4 Rxa2 25. cxd5 Rxa1 26. Bxa1 Nxd5 27. Bxg7 Kxg7 28. Bc4 h6 29. Bxd5 Bxd5 30. Qxd5 Qc1+ 31. Kh2 Qxg5 32. Qd4+ Qf6 33. Qa4 a5 34. Qd1 Qxf2 35. Qa4 0-1

[Event "COL-ch School U11"]
[Site "Ibague"]
[Date "2014.11.21"]
[Round "3.6"]
[White "Castaneda Pardo, Juan David"]
[Black "Sauda, Eduardo"]
[Result "0-1"]
[WhiteElo "1464"]
[BlackElo "1293"]
[PlyCount "22"]
[EventDate "2014.11.20"]
[EventType "swiss"]
[EventRounds "6"]
[EventCountry "COL"]
[SourceTitle "EXT 2024"]
[Source "ChessBase"]
[SourceDate "2023.10.10"]
[SourceVersion "1"]
[SourceVersionDate "2023.10.10"]
[SourceQuality "1"]

1. e4 e5 2. Nf3 Nc6 3. Bc4 Nf6 4. Ng5 d5 5. exd5 Nd4 6. d6 Qxd6 7. Nxf7 Qc6 8. Qe2 Nxe2 9. Nxh8 Qxc4 10. d3 Qg8 11. Kxe2 Qxh8 0-1

[Event "North Region-ch U10"]
[Site "Maicao"]
[Date "2014.05.03"]
[Round "4.6"]
[White "Riasco Molina, Luis Manuel"]
[Black "Sauda, Eduardo"]
[Result "1-0"]
[WhiteElo "1260"]
[BlackElo "1251"]
[PlyCount "30"]
[EventDate "2014.05.01"]
[EventType "swiss"]
[EventRounds "6"]
[EventCountry "COL"]
[SourceTitle "EXT 2024"]
[Source "ChessBase"]
[SourceDate "2023.10.10"]
[SourceVersion "1"]
[SourceVersionDate "2023.10.10"]
[SourceQuality "1"]

1. e4 e5 2. Nf3 Nc6 3. Bb5 d6 4. Bxc6+ bxc6 5. h3 Be7 6. c3 Bd7 7. h4 h6 8. c4 Nf6 9. d3 c5 10. Nc3 0-0 11. Nb5 d5 12. Nc3 Re8 13. 0-0 Bg4 14. Re1 Bxf3 15. Qxf3 Qd7 1-0

[Event "COL-ch U08"]
[Site "Santander"]
[Date "2012.06.15"]
[Round "5"]
[White "Sauda, Eduardo"]
[Black "Mantilla Ortiz, Juan David"]
[Result "0-1"]
[WhiteElo "1258"]
[BlackElo "1313"]
[PlyCount "30"]
[EventDate "2012.06.13"]
[EventType "tourn"]
[EventRounds "9"]
[EventCountry "COL"]
[SourceTitle "EXT 2014"]
[Source "ChessBase"]
[SourceDate "2013.11.20"]
[SourceVersion "1"]
[SourceVersionDate "2013.11.20"]
[SourceQuality "1"]

1. e4 e5 2. Nf3 Nc6 3. Bc4 Nf6 4. d3 Bc5 5. 0-0 0-0 6. Bg5 d6 7. Bxf6 Qxf6 8. Nc3 Qg6 9. Re1 Bh3 10. Nh4 Qf6 11. Re2 Bg4 12. Nd5 Qd8 13. Kh1 Bxf2 14. Qf1 Bxe2 15. Qxf2 Bg4 0-1

[Event "COL-ch U08"]
[Site "Santander"]
[Date "2012.06.14"]
[Round "2"]
[White "Avila Pavas, Santiago"]
[Black "Sauda, Eduardo"]
[Result "1-0"]
[WhiteElo "1489"]
[BlackElo "1258"]
[PlyCount "83"]
[EventDate "2012.06.13"]
[EventType "tourn"]
[EventRounds "9"]
[EventCountry "COL"]
[SourceTitle "EXT 2014"]
[Source "ChessBase"]
[SourceDate "2013.11.20"]
[SourceVersion "1"]
[SourceVersionDate "2013.11.20"]
[SourceQuality "1"]

1. e4 c5 2. Nf3 Nc6 3. d4 d6 4. dxc5 dxc5 5. Qxd8+ Nxd8 6. Be3 b6 7. Nc3 Nc6 8. 0-0-0 Nf6 9. Rd2 e6 10. Bb5 Bd7 11. Rhd1 0-0-0 12. Bxc6 Be7 13. Bxd7+ Rxd7 14. Rxd7 Nxd7 15. Nb5 Rd8 16. Nxa7+ Kc7 17. Nb5+ Kb8 18. Bf4+ Kb7 19. Nd6+ Kc6 20. Nxf7 Rf8 21. N7e5+ Nxe5 22. Nxe5+ Kc7 23. Ng6+ Kb7 24. Nxf8 Bxf8 25. Bb8 Kxb8 26. Rd8+ Kc7 27. Rxf8 c4 28. Rf7+ Kc8 29. Rxg7 b5 30. Rxh7 b4 31. Rh4 c3 32. b3 e5 33. g4 Kd7 34. Rh3 Ke6 35. Rf3 Kd6 36. g5 Kc5 37. g6 Kd6 38. g7 Ke7 39. g8Q Kd7 40. Rf7+ Kd6 41. Qd8+ Ke6 42. Qd7# 1-0

[Event "COL-ch U08"]
[Site "Santander"]
[Date "2012.06.14"]
[Round "3"]
[White "Sauda, Eduardo"]
[Black "Rodriguez Celis, Samuel Nicolas"]
[Result "0-1"]
[WhiteElo "1258"]
[BlackElo "1307"]
[PlyCount "62"]
[EventDate "2012.06.13"]
[EventType "tourn"]
[EventRounds "9"]
[EventCountry "COL"]
[SourceTitle "EXT 2014"]
[Source "ChessBase"]
[SourceDate "2013.11.20"]
[SourceVersion "1"]
[SourceVersionDate "2013.11.20"]
[SourceQuality "1"]

1. e4 e5 2. Nc3 Nf6 3. Nb1 Ng8 4. Nf3 Nc6 5. Bc4 Nf6 6. d3 Be7 7. 0-0 d6 8. Nc3 Bg4 9. h3 Bh5 10. Be3 0-0 11. Nd5 a6 12. Nxf6+ Bxf6 13. g4 Bg6 14. g5 Be7 15. Re1 b5 16. Bd5 Qd7 17. Qd2 Rab8 18. c4 b4 19. Rad1 b3 20. a3 Nd8 21. Nh4 c6 22. Nxg6 hxg6 23. Qa5 cxd5 24. cxd5 Qxh3 25. Qxa6 Qg4+ 26. Kf1 Bxg5 27. Ba7 Ra8 28. a4 f5 29. exf5 Rxf5 30. Re2 Qh3+ 31. Ke1 Qh1# 0-1

[Event "COL-ch U08"]
[Site "Santander"]
[Date "2012.06.13"]
[Round "1"]
[White "Jaimes Velasquez, Simon Andres"]
[Black "Sauda, Eduardo"]
[Result "1-0"]
[WhiteElo "1612"]
[BlackElo "1258"]
[PlyCount "37"]
[EventDate "2012.06.13"]
[EventType "tourn"]
[EventRounds "9"]
[EventCountry "COL"]
[SourceTitle "EXT 2014"]
[Source "ChessBase"]
[SourceDate "2013.11.20"]
[SourceVersion "1"]
[SourceVersionDate "2013.11.20"]
[SourceQuality "1"]

1. e4 c5 2. Nf3 Nc6 3. d4 cxd4 4. Nxd4 Nxd4 5. Qxd4 f6 6. Nc3 e5 7. Qe3 b6 8. Bc4 Bc5 9. Qf3 Ne7 10. 0-0 Qc7 11. Nb5 Qb7 12. Be3 Bxe3 13. Nd6+ Kd8 14. Nxb7+ Bxb7 15. Qxe3 Rc8 16. Bd3 Rc6 17. Qd2 Re8 18. Bb5 Rc8 19. Qxd7# 1-0

[Event "North Region-chB"]
[Site "Cartagena"]
[Date "2012.04.22"]
[Round "6.5"]
[White "Sauda, Eduardo"]
[Black "Barliza Hernandez, Alejandro Seg"]
[Result "0-1"]
[WhiteElo "1259"]
[BlackElo "1539"]
[PlyCount "34"]
[EventDate "2012.04.19"]
[EventType "swiss"]
[EventRounds "6"]
[EventCountry "COL"]
[SourceTitle "EXT 2024"]
[Source "ChessBase"]
[SourceDate "2023.10.10"]
[SourceVersion "1"]
[SourceVersionDate "2023.10.10"]
[SourceQuality "1"]

1. e4 c5 2. Nf3 d6 3. Bb5+ Bd7 4. Bc4 Nf6 5. Ng5 e6 6. 0-0 g6 7. d3 Bg7 8. Bf4 Bc6 9. Nc3 0-0 10. Bxe6 Qe7 11. Bd5 b6 12. Bxc6 Nxc6 13. Re1 Nh5 14. Bg3 Nxg3 15. fxg3 Qxg5 16. Qe2 Rae8 17. Qe3 Bd4 0-1